Score 0/30 Timer 03:00
0 Plays Today
Hint Word % Correct
Lady and the _____TRAMP
96.7%
First finger on the hand, often opposableTHUMB
96.4%
Color of milk and chalkWHITE
95.9%
Whistle _____ You WorkWHILE
95.1%
Painful muscle contractionCRAMP
94.4%
Communicate with lettersWRITE
93.5%
Winner; the best at somethingCHAMP
93.4%
Santiago's countryCHILE
92.2%
Closest living relative to manCHIMP
92%
Bell instrument, often powered by windCHIME
91.5%
Sound a stethoscope detectsTHUMP
90.8%
Partner of PenceTRUMP
89.8%
Alexander Graham Bell inventionPHONE
85.8%
One centPENNY
82.5%
Last finger on the hand, a.k.a. little fingerPINKY
79.2%
Hint Word % Correct
Flim-flam; fake; fraudPHONY
78.3%
Lying face downPRONE
76.7%
Non-poetic writingPROSE
73.9%
Two, three, five, seven, eleven...PRIME
73.7%
Temperate flowerPEONY
72.8%
Ingrained dirt or greaseGRIME
68.2%
One of Columbus's shipsPINTA
65%
To open with a leverPRISE
64.6%
To complain or whineGRIPE
62.3%
Hackeneyed and overusedTRITE
61.8%
Bean or failed Ford modelPINTO
60.9%
Stomach lining used for foodTRIPE
59.3%
Term for a CommunistPINKO
57.3%
Child's apron or jerseyPINNY
53.4%
Outer part of the earPINNA
43.8%

Today's Daily Dose

Remove Ads.
Support Sporcle.
Get the best of Sporcle when you Go Orange. This ad-free experience offers more features, more stats, and more fun while also helping to support Sporcle. Thank you for becoming a member.

You're not logged in!

Compare scores with friends on all Sporcle quizzes.
OR
Log In

Show Comments

Extras

Top Quizzes Today


Score Distribution

Your Account Isn't Verified!

In order to create a playlist on Sporcle, you need to verify the email address you used during registration. Go to your Sporcle Settings to finish the process.

Report this User

Report this user for behavior that violates our Community Guidelines.

Details: